000 00416cam a2200181ua 4500
001 6425
008 131207n ii |||gr||||Z||||||eng
020 _a81-7618-133-1
040 _cMAIN
082 _a519.5
245 1 1 _aStatistics
_cBy B.N. Gupta
260 _aAgra:
_bSahitya bhawan,
_c2001.
300 _ax,1060p.
653 _aCommerce
653 _aStatistics
700 1 _aGupta,B.N.,
_eAuthor.
942 _cBK
999 _c5574
_d5574